Detalles MARC
| 000 -LEADER |
| fixed length control field |
01364cam a2200373 i 4500 |
| 001 - CONTROL NUMBER |
| control field |
29983 |
| 003 - CONTROL NUMBER IDENTIFIER |
| control field |
Mx-PuUPA |
| 005 - DATE AND TIME OF LATEST TRANSACTION |
| control field |
20240904132126.0 |
| 008 - FIXED-LENGTH DATA ELEMENTS--GENERAL INFORMATION |
| fixed length control field |
140415s1982 sp gr 000 f spa d |
| 017 ## - COPYRIGHT OR LEGAL DEPOSIT NUMBER |
| Copyright or legal deposit number |
M. 452-2001 |
| 020 ## - INTERNATIONAL STANDARD BOOK NUMBER |
| International Standard Book Number |
8423916936 |
| 040 ## - CATALOGING SOURCE |
| Transcribing agency |
Mx-PuUPA |
| Original cataloging agency |
Mx-PuUPA |
| Language of cataloging |
spa |
| Modifying agency |
Mx-PuUPA |
| Description conventions |
rda |
| 041 0# - LANGUAGE CODE |
| Language code of text/sound track or separate title |
spa |
| 100 1# - MAIN ENTRY--PERSONAL NAME |
| Personal name |
Vázquez Montalbán, Manuel, |
| Dates associated with a name |
1939- |
| Authority record control number or standard number |
|
| 9 (RLIN) |
15906 |
| Relator term |
autor |
| 240 10 - UNIFORM TITLE |
| Uniform title |
Obras. |
| Form subheading |
Selecciones. |
| 245 10 - TITLE STATEMENT |
| Title |
Tres novelas ejemplares / |
| Statement of responsibility, etc. |
Manuel Vázquez Montalbán |
| 264 #1 - PRODUCTION, PUBLICATION, DISTRIBUTION, MANUFACTURE, AND COPYRIGHT NOTICE |
| Place of production, publication, distribution, manufacture |
España : |
| Name of producer, publisher, distributor, manufacturer |
Espasa Calpe, |
| Date of production, publication, distribution, manufacture, or copyright notice |
2001 |
| 300 ## - PHYSICAL DESCRIPTION |
| Extent |
297 páginas ; |
| Dimensions |
18 cm |
| 336 ## - CONTENT TYPE |
| Fuente |
rdacontent |
| Content type term |
texto |
| Content type code |
txt |
| 337 ## - MEDIA TYPE |
| Source |
rdamedia |
| Media type term |
sin medio |
| Media type code |
n |
| 338 ## - CARRIER TYPE |
| Source |
rdacarrier |
| Carrier type term |
volumen |
| Carrier type code |
nc |
| 490 0# - SERIES STATEMENT |
| Series statement |
Narrativa del Siglo XX en lengua castellana |
| 505 0# - FORMATTED CONTENTS NOTE |
| Formatted contents note |
Recordando a Dardé, 1969 -- Happy End, 1974 -- La vida privada del doctor Betriu, 1982. |
| 600 14 - SUBJECT ADDED ENTRY--PERSONAL NAME |
| Personal name |
Vázquez Montalbán, Manuel, |
| Dates associated with a name |
1939-2003 |
| General subdivision |
Crítica e interpretación |
| 650 #7 - SUBJECT ADDED ENTRY--TOPICAL TERM |
| Source of heading or term |
armarc |
| Topical term or geographic name entry element |
Literatura española |
| Chronological subdivision |
Siglo XX |
| 655 #7 - INDEX TERM--GENRE/FORM |
| Source of term |
armarc |
| Genre/form data or focus term |
Novela española |
| Chronological subdivision |
Siglo XX |
| 740 02 - ADDED ENTRY--UNCONTROLLED RELATED/ANALYTICAL TITLE |
| Uncontrolled related/analytical title |
Recordando a Dardé, 1969 |
| 740 02 - ADDED ENTRY--UNCONTROLLED RELATED/ANALYTICAL TITLE |
| Uncontrolled related/analytical title |
Happy End, 1974 |
| 740 32 - ADDED ENTRY--UNCONTROLLED RELATED/ANALYTICAL TITLE |
| Uncontrolled related/analytical title |
La vida privada del doctor Betriu, 1982. |
| 942 ## - ADDED ENTRY ELEMENTS (KOHA) |
| Source of classification or shelving scheme |
Dewey Decimal Classification |
| Koha item type |
Libro |
| Classification part |
863.6 |
| Item part |
V393 |